Directors of Dustin Hoffman Movies - Statistics

General Stats
  • This quiz has been taken 45 times
  • The average score is 20 of 59
Answer Stats
Year Movie Director % Correct
2024 Megalopolis Francis Ford Coppola
97%
1991 Hook Steven Spielberg
89%
1998 Sphere Barry Levinson
81%
1997 Wag the Dog Barry Levinson
81%
1996 Sleepers Barry Levinson
81%
1988 Rain Man Barry Levinson
81%
1967 The Graduate Mike Nichols
81%
1982 Tootsie Sydney Pollack
72%
1990 Dick Tracy Warren Beatty
69%
1976 All the President's Men Alan J. Pakula
61%
2014 Chef Jon Favreau
58%
1976 Marathon Man John Schlesinger
53%
1969 Midnight Cowboy John Schlesinger
53%
2017 The Meyerowitz Stories Noah Baumbach
53%
2006 Stranger than Fiction Marc Forster
50%
2004 Finding Neverland Marc Forster
50%
1987 Ishtar Elaine May
44%
1971 Straw Dogs Sam Peckinpah
44%
2004 I Heart Huckabees David O. Russell
42%
2004 Meet the Fockers Jay Roach
42%
1974 Lenny Bob Fosse
36%
1999 Joan of Arc Luc Besson
36%
1991 Billy Bathgate Robert Benton
36%
1979 Kramer vs. Kramer Robert Benton
36%
1989 Family Business Sidney Lumet
36%
1995 Outbreak Wolfgang Petersen
33%
1970 Little Big Man Arthur Penn
31%
2006 Perfume: The Story of a Murderer Tom Tykwer
28%
1973 Papillon Franklin J. Schaffner
25%
2010 Little Fockers Paul Weitz
25%
2014 The Cobbler Tom McCarthy
25%
2011 Kung Fu Panda 2 Jennifer Yuh Nelson
19%
2016 Kung Fu Panda 3 Jennifer Yuh Nelson & Alessandro Carloni
19%
2024 Kung Fu Panda 4 Mike Mitchell
19%
2008 The Tale of Despereaux Sam Fell & Rob Stevenhagen
19%
2015 The Program Stephen Frears
19%
1992 Accidental Hero Stephen Frears
19%
2002 Moonlight Mile Brad Silberling
17%
1967 The Tiger Makes Out Arthur Hiller
14%
1997 Mad City Costa-Gavras
14%
1969 John and Mary Peter Yates
14%
1978 Straight Time Ulu Grosbard
14%
1971 Who Is Harry Kellerman and Why Is He Saying Those Terrible Things About Me? Ulu Grosbard
14%
2022 Sam & Kate Darren Le Gallo
11%
2003 Runaway Jury Gary Fleder
11%
2003 Confidence James Foley
11%
2008 Last Chance Harvey Joel Hopkins
11%
2022 As They Made Us Mayim Bialik
11%
2007 Mr. Magorium's Wonder Emporium Zach Helm
11%
2005 The Lost City Andy García
8%
2019 Into the Labyrinth Donato Carrisi
8%
2014 Boychoir François Girard
8%
2005 Racing Stripes Frederik Du Chau
8%
2008 Kung Fu Panda John Stevenson & Mark Osborne
8%
1979 Agatha Michael Apted
8%
1996 American Buffalo Michael Corrente
8%
1972 Alfredo, Alfredo Pietro Germi
8%
2010 Barney's Version Richard J. Lewis
8%
1968 Madigan's Millions Stanley Prager
8%
No matching quizzes found
Score Distribution
Percent of People with Each Score
Percentile by Number Answered
Your Score History
You have not taken this quiz